000 00787nab a2200241 u 4500
001 18746
003 HDC
007 cr bn ---aaaaa
008 210227c |r|noo 0 a d
040 _aHDC
245 0 _aALLEN HARIM ANNOUNCES EXCLUSIVE PARTNERSHIP WITH C&S WHOLESALE
260 _a[No place] :
_b[publisher not identified],
_c2016
336 _atext
_2rdacontent
337 _acomputer
_2rdamedia
338 _aonline resource
_2rdacarrier
650 _aBusiness
_9207
650 _aSupply chain
_9537
710 _aMYFOXZONE.COM
856 _zRequest full-text at [email protected]
942 _2lcc
942 _cNEWS
942 _kNWSO 009642
999 _c16062
_d16062